Escape the Backrooms Removed Features - Statistics

General Stats
  • This quiz has been taken 7 times
  • The average score is 5 of 9
Answer Stats
Description Answer % Correct
In The Poolrooms, the (…) once looked way more realistic than it got changed to Water
100%
There was a room in (…) that was packed with Partygoers, that made the game then much harder Level Fun
80%
In the First Level of the game, the (…) was much easier and somewhat looked like a checkerboard Pitfalls
80%
There was also a (…) in the final room of the Poolrooms too Slide
60%
In Level 0, when looking at the Howler, you got a (…) screen Glitchy
40%
Shown in Fancy’s Video, Level 0.11 was actually supposed to be the halls of (…) Level 188
40%
Also, in Level 0.11, instead of a Howler roaming around, there was supposed to be a bunch of (…) Moais
40%
In The End, after obtaining all the Tapes, there would start to play a (…) on the computer Video
40%
And in Thalassophobia, there was (…) in the water before it got expanded in the next update Trash
0%
No matching quizzes found
Score Distribution
Percent of People with Each Score
Percentile by Number Answered
Your Score History
You have not taken this quiz